000 00330nam a22001457a 4500
008 210226b ||||| |||| 00| 0 eng d
020 _a9781285096193
041 _aeng
080 _a004
082 _a004
100 _a34
101 _aSHKI
245 _aComputer Applications and Concepts
_cPinard, Romer
942 _2udc
_cBK
999 _c55264
_d55264